Регионална библиотека "Любен Каравелов" - Русе

Tech Talk (Запис номер 87452)

MARC детайли
000 -Лидер
Контролно поле с фиксирана дължина 01348nam a2200349 c 4500
003 - Код на организацията, давaща контролен номер
Контролно поле BLK
005 - Дата и час на последна редакция
Контролно поле 20180420225035.0
008 - Елементи от данни с фиксирана дължина
fixed length control field 180408b bul|||||r ||||||| ||bul||
010 ## - Наследен системен номер
LC control number KNG00092095000
020 ## - Международен стандартен номер на книга ISBN
Международен стандартен номер на книга ISBN 978-0-19-457543-0
-- издат.: Oxford Univ. Press - на том(кн. за учителя)
040 ## - Източник на каталожния запис
Идентификатор на билиотеката - собственик на записа BLK
041 ## - Код за език
Код за езика на текст/звукозапис или на отделно заглавие Английски
Код за езика КДБФ Английски
080 ## - УДК
Текстов определител УДК Английски език
УДК код - определител по УДК 811.111
УДК определител (072)
УДК - код + определител 811.111(072)
100 1# - Редна дума - Автор
Автор Hollett, Vicki
Авторска отговорност първи автор
R(LIN) 13214
139 ## - Редно поле
Редна дума Hollett, Vicki et al.
Авторски знак Hol - H 75
245 10 - Сведения за заглавието
Заглавие Tech Talk
Подзаглавни данни Intermediate
Редно поле (дума) Vicki Hollett; съавт. John Sydes.
Том Teacher's Book
257 ## - Страна на издаване
Страна на създаване/издаване Великобритания
260 ## - Област на издателските данни
-- Oxford
Година на издаване 2009
Печатница Print. in China
380 ## - Жанр
Жанр Езикознание. Филология
650 #4 - Допълнително описание по предмет – тема
Основно описание – тема или топоним Английски език - в техниката
9 (RLIN) 262637
653 ## - Ключова дума – ненормативна
Ключова дума английски език
653 ## - Ключова дума – ненормативна
Ключова дума техническа терминология
653 ## - Ключова дума – ненормативна
Ключова дума книга за учителя
653 ## - Ключова дума – ненормативна
Ключова дума методика на преподаването
700 1# - Други автори (авторска отговорност)
Лично име Sydes, John
Автороска отговорност (Описва отношението между автора и произведението) съавт.
9 (RLIN) 25747
760 1# - Описание на основната серия
-- - на том(кн. за учителя)
Редна дума на основното описание Hollett, Vicki
Място на издаване, издател и година Oxford Univ. Press, 2009
Страници - том 95 p. : ill., tabl., 28 cm
Заглавие Teacher's Book
852 ## - Местоположение
Форматна сигнатура Цб ІІ 13445
856 4# - Електронен адрес и достъп
Електронен формат pdf - файл
Път до файла /url/
856 4# - Електронен адрес и достъп
Електронен формат pdf - файл
Път до файла /url/
942 ## - АРТИКУЛИ
Вид на библиотечния материал Книги
Скрит в OPAC Не
944 ## - СЪЗДАВАНЕ И РЕДАКЦИЯ на ЗАПИСА
Създаване/Редакция Създаване
Дата на регистрацията/редакция 20.10.2009
Статус, дата на статуса ф /
Служител, извършил регистрацията/редакцията Людмила_Стоянова
944 ## - СЪЗДАВАНЕ И РЕДАКЦИЯ на ЗАПИСА
Създаване/Редакция Редакция
Дата на регистрацията/редакция 21.10.2009
Статус, дата на статуса ф /
Служител, извършил регистрацията/редакцията
999 ## - СИСТЕМНИ КОНТРОЛНИ НОМЕРА
Koha biblionumber 87452
Koha biblioitemnumber 87452
Наличности
Код за отписване Код за изгубен артикул Код за повреда Коз за рестрикции Код за отдаване Артикулен № Име на библиотеката - собственик Име на библиотеката, в която се намира в момента Статус (Текущо местоположение) Дата на вписване в системата Местоположение - отдел Цена в лева Инвентарен номер Систематично азбучна сигнатура Баркод Номер на екземпляра Цена в евро Служебна бележка Служебен тип на артикула
  Не е изгубен Не е повреден без рестрикции заемане за дома 141593 Регионална библиотека "Любен Каравелов" Русе Регионална библиотека "Любен Каравелов" Русе ЧЧЗО - англ. ез. - Британски съвет 2009-10-20 ЧЧЗО - англ. ез. - Британски съвет 15.70 120000739139 Ч3 802.0/Н 75 120000739139 1 8.03 Дост: Pk Вид: Ф N: 552 Дата: 19.10.2009 Дата инв: 17.03.2015 Бележки инв: Ч32015 Книги
Vip Innovations Ltd, Rousse, Bulgaria 2025